000 00314nam a2200145Ia 4500
100 _aChoudhury/ Bhattacharya
490 _vI
942 _cBK
654 _aWorkshop
245 _aElements of Workshop Technology
260 _bAsia publishing house
_c2001
082 _a671
300 _a457
546 _aENGLISH
999 _c21878
_d21878